Proceedings of the 21st Kerala Science Congress 28-31 January 2009 (Record no. 1470)

MARC details
000 -LEADER
fixed length control field 00447nam a2200133Ia 4500
008 - FIXED-LENGTH DATA ELEMENTS--GENERAL INFORMATION
fixed length control field 130318s9999 xx 000 0 und d
020 ## - INTERNATIONAL STANDARD BOOK NUMBER
International Standard Book Number 8186366660
082 ## - DEWEY DECIMAL CLASSIFICATION NUMBER
Classification number 500 YES/P
100 ## - MAIN ENTRY--PERSONAL NAME
Personal name Yesodharan, E P
245 ## - TITLE STATEMENT
Title Proceedings of the 21st Kerala Science Congress 28-31 January 2009
260 ## - PUBLICATION, DISTRIBUTION, ETC.
Name of publisher, distributor, etc. Kerala State Council for Science Technology and Environment
Place of publication, distribution, etc. Thiruvananthapuram
Date of publication, distribution, etc. 2009
300 ## - PHYSICAL DESCRIPTION
Extent 803
650 ## - SUBJECT ADDED ENTRY--TOPICAL TERM
Topical term or geographic name entry element PROCEDINGS-KERALA SCIENCE CONGRESS
Holdings
Withdrawn status Lost status Source of classification or shelving scheme Damaged status Not for loan Home library Current library Shelving location Date acquired Total Checkouts Full call number Barcode Date last seen Price effective from Koha item type
    Dewey Decimal Classification     Kerala University of Digital Sciences, Innovation and Technology Knowledge Centre Kerala University of Digital Sciences, Innovation and Technology Knowledge Centre   18/03/2013   R 500 YES/P 1477 18/03/2013 18/03/2013 Reference